| 000 | 005570000a22002050004500 | ||
|---|---|---|---|
| 003 | LK-CoMWRAF | ||
| 005 | 20231122110621.0 | ||
| 008 | 230817t1996 ||||| |||| 00| 0 eng d | ||
| 020 | _a0713479299 | ||
| 040 |
_aLK-CoMWRAF _dLK-CoMWRAF _eLK-CoMWRAF |
||
| 041 | _aeng | ||
| 082 |
_a746.44 _bMIL |
||
| 100 | _aMilosavljevich, Helen | ||
| 245 |
_aApplique: _bmaster new sewing skills with these simple-to-make projects |
||
| 260 |
_aLondon : _bB. T. Batsford Ltd. _c1996 |
||
| 300 | _a48 p. | ||
| 490 | _aSimple to sew | ||
| 650 | _aAPPLIQUE | ||
| 942 | _cBK | ||
| 999 |
_c1269 _d1269 |
||